| 000 | 00942nam a2200229Ia 4500 | ||
|---|---|---|---|
| 001 | 914.7-BIA en ru (8026) | ||
| 003 | IT-MiSPE | ||
| 008 | 171229s9999||||xx |||||||||||||| ||und|| | ||
| 040 |
_aIT-MiSPE _cIT-MiSPE |
||
| 041 | _aITALIANO | ||
| 100 | _aEnzo Biagi | ||
| 245 | 0 | _aRussia | |
| 250 | _a1a ed. (v) | ||
| 260 |
_aMilano _bRizzoli _c1976 |
||
| 300 |
_a283 p. _c22 cm |
||
| 490 |
_aLa geografia di Biagi _v6 |
||
| 501 | _aEdizioni San Paolo srl - Piazza Soncino, 5 - 20092 CINISELLO BALSAMO (MI) (non commercial uses only) ® Copyright 2018 | ||
| 520 | _aIll. | ||
| 942 | _cBK | ||
| 957 | _71 | ||
| 999 |
_a19145 _bNO _g Copie: 1 _c356243 _d356243 |
||